000 00465nam a2200181Ia 4500
003 GCL
008 140319s9999 xx 000 0 eng d
040 _aGCL /
_cGCL
082 0 4 _a895.46
_bP S
100 1 _aPANDA BOOKS
245 1 0 _aSIGHTS WITH STORIES IN OLD BEIJING /
_cPANDA BOOKS
260 _a[S.N] :
_bPANDA BOOKS ،
_c1994
300 _a189 P
650 0 4 _aLITERATURE
650 0 4 _aLITERATURE - CHINA
650 0 4 _aFICTION - CHINESE
942 _2ddc
_cBK
999 _c14188
_d14188